| 000 | 01069cam a22003137a 4500 | ||
|---|---|---|---|
| 003 | CHAP | ||
| 005 | 20220329142817.0 | ||
| 008 | 040102d2003 mx r 00110 spa d | ||
| 010 | _a88112 | ||
| 011 | _a89084 | ||
| 020 | _a9701343336 | ||
| 035 | _a99633 | ||
| 040 | _cCHAP | ||
| 082 | 0 | 4 |
_a305.4 _bI58 Col. |
| 110 | 2 |
_aInstituto Nacional de Estadística, Geografía e Informática. México _959304 |
|
| 245 | 1 | 0 |
_aLas mujeres en Colima _c/ por INEGI |
| 260 |
_aAguascalientes, Ags. : _bInstituto Nacional de Estadística, Geografía e Informática, _c2003. |
||
| 300 |
_a224 p. : _bgráfs.; cuadros |
||
| 590 |
_aBATCH-UPD _b10 _c20130110 _lUCH01 _h0038 |
||
| 590 |
_aBATCH-UPD _b10 _c20130110 _lUCH01 _h0641 |
||
| 590 |
_aCONVERSION _b10 _c20130109 _lUCH01 _h1349 |
||
| 650 | 1 | 4 |
_aColima _xCondiciones sociales. _925161 |
| 650 | 1 | 4 |
_aMujer en comunidades rurales _xColima. _979369 |
| 650 | 1 | 4 |
_aMujer _xColima. _979318 |
| 901 | _aBK | ||
| 905 | _aElisama | ||
| 942 | _cLIBRO | ||
| 949 |
_a305.4 I58 Col. _bBC _cINEGI _d33724000912390 _eINEGI _gDonaciØn _h104386 _i99633 _sb |
||
| 999 |
_c88112 _d88112 |
||